000 01076nam a2200217Ia 4500
003 Ost
005 20260507075307.0
008 260507s9999||||xx |||||||||||||| ||und||
040 _cfsecg
041 _aara
082 _a330
100 _aبربر، كامل
_eمؤلف
245 0 _aالاتجاهات الحديثة في الادارة و تحديات المديرين /
_c كامل بربر
250 _aطبعة 3
260 _aبيروت:
_bدار المنهل اللبناني,
_c2010
300 _a351 صفحة؛
_c24 سم
504 _aفهرس النماذج و الاشكال و الجداول ص.341
520 _aتطور الفكر الاداري الحديث : المدرسة الكلاسيكية ، السلوكية و المدارس الحديثة ، الأسس الحديثة لعم الادارة ، المحيطات و اتخاذ القرارات التخطيطية ، التنظيم الاداري و حركياته و التوجيع الاداري و أخيرا الرقابة الادارية.
653 _aالإدارة
942 _cكتاب
999 _c43822
_d43822